Statistieken voor Gemeenten van Overijssel

Klik hier om de quiz te nemen!

Algemene statistieken

  • Deze quiz is 33 keer genomen
  • De gemiddelde score is 18 van 25

Antwoordstatistieken

Antwoord% Correct
Zwolle
100%
Almelo
94%
Deventer
94%
Hengelo
94%
Dalfsen
88%
Enschede
88%
Ommen
88%
Kampen
82%
Raalte
82%
Hardenberg
76%
Hellendoorn
71%
Borne
65%
Losser
65%
Olst-Wijhe
65%
Twenterand
65%
Haaksbergen
59%
Staphorst
59%
Steenwijkerland
59%
Tubbergen
59%
Wierden
59%
Zwartewaterland
59%
Dinkelland
53%
Oldenzaal
53%
Hof van Twente
47%
Rijssen-Holten
47%

Scoreverdeling

Percentiel versus Aantal Correcte Antwoorden

Procent van Mensen met Elke Score

Uw Scoregeschiedenis

U heeft deze quiz nog niet genomen